| 000 | 00825nam a2200241 a 4500 | ||
|---|---|---|---|
| 005 | 20240430063822.0 | ||
| 008 | 991125s1995 mx 000 0 spa u | ||
| 020 | _a9688425834 (rústico) | ||
| 020 | _a9688421227 (pasta dura) | ||
| 035 | _aUPN01000051167 | ||
| 049 | _aCG | ||
| 050 | 4 |
_aF1226 _bD62 1995 v.2 |
|
| 245 | 0 | 0 |
_aReforma y república restaurada 1823-1877 / _cestudio histórico y selec. Horacio Labastida. |
| 250 | _a3a ed. | ||
| 260 |
_aMéxico : _bM. A. Porrúa, _c1995. |
||
| 300 | _a373 p. | ||
| 440 | 0 | _aDocumentos para la historia del México independiente | |
| 651 | 4 |
_aMéxico _xHistoria constitucional _94597 |
|
| 610 | 1 | 4 |
_aMEXICO. _tCONSTITUCION FEDERAL (1824) _919820 |
| 610 | 1 | 4 |
_aMéxico _tConstitución (1857) _927639 |
| 700 | 1 |
_aLabastida, Horacio, _d1918-2004 _ecomp. _928848 |
|
| 905 | _aLibro | ||
| 999 |
_c51167 _d51167 |
||